[Event "ngm deve nada"]
[Site "http://www.queenalice.com/game.php?id=1233609"]
[Date "2013.11.19"]
[Round "-"]
[White "BBOM"]
[Black "leandro10"]
[Result "1-0"]
[WhiteElo "1569"]
[BlackElo "1485"]

1. d4 d5 2. Nc3 e6 3. a3 Nc6 4. Nf3 h6 5. e4 f5 6. exf5 exf5 7. Bb5 Qe7+ 8. Ne5
a6 9. Nxd5 Qd6 10. Qh5+ g6 11. Nxg6 Qxd5 12. Nxh8+ Kd7 13. Bxc6+ Kxc6 14. Qe8+
Kb6 15. Qxf8 Qxg2 16. Qc5# 1-0

[Event "AUTO-ADV-3021"]
[Site "http://www.queenalice.com/game.php?id=1237495"]
[Date "2013.12.4"]
[Round "1"]
[White "jgfmelo"]
[Black "BBOM"]
[Result "1-0"]
[WhiteElo "1801"]
[BlackElo "1516"]

1. e4 e5 2. Nf3 d6 3. d4 Bg4 4. Be2 Bxf3 5. Bxf3 f6 6. d5 c5 7. Nc3 Ne7 8. Qd3
a6 9. Bd2 b5 10. a4 c4 11. Qe2 f5 12. axb5 a5 13. Qxc4 f4 14. g3 fxg3 15. fxg3
h6 16. Nd1 Nd7 17. Ne3 Nc5 18. O-O h5 19. Qe2 g5 20. Bxh5+ Kd7 21. Qg4+ Kc7 22.
Bxa5+ Rxa5 23. Rxa5 Kb8 24. Rfa1 Kb7 25. Ra7+ Kb6 26. c4 Nc8 27. Ra8 Kb7 28. b4
Nb3 29. R1a7+ 1-0

[Event "AUTO-ADV-3021"]
[Site "http://www.queenalice.com/game.php?id=1237496"]
[Date "2013.12.4"]
[Round "1"]
[White "BBOM"]
[Black "jgfmelo"]
[Result "0-1"]
[WhiteElo "1511"]
[BlackElo "1806"]

1. e4 e5 2. Nf3 d6 3. Nc3 Nf6 4. d3 Nc6 5. Bg5 Be7 6. Bxf6 Bxf6 7. Be2 Bg4 8.
Nd2 Bxe2 9. Qxe2 Nd4 10. Qd1 c6 11. b4 O-O 12. O-O g6 13. Na4 b5 14. Nc3 a5 15.
bxa5 Qxa5 16. Nb3 Qxc3 17. Nxd4 Qxd4 18. Qg4 Rfd8 19. g3 h5 20. Qf3 Bg5 21. h4
Be7 22. Rfc1 b4 23. c4 Ra3 24. Rd1 Rda8 25. Qe2 b3 26. Qe1 b2 27. Rab1 Rxa2 0-1

[Event "AUTO-ADV-3021"]
[Site "http://www.queenalice.com/game.php?id=1237511"]
[Date "2013.12.4"]
[Round "1"]
[White "ECAoCRUEL"]
[Black "BBOM"]
[Result "1-0"]
[WhiteElo "1919"]
[BlackElo "1596"]

1. e4 e5 2. Nf3 d6 3. Bc4 Bg4 4. h3 Bxf3 5. Qxf3 Nf6 6. d3 h6 7. Nc3 c6 8. b4 d5
9. exd5 c5 10. bxc5 Bxc5 11. O-O O-O 12. Re1 Bd4 13. Bb2 Qb6 14. Nd1 Bxb2 15.
Nxb2 Qxb2 16. Rab1 Qxc2 17. Rxe5 1-0

[Event "AUTO-ADV-3021"]
[Site "http://www.queenalice.com/game.php?id=1237512"]
[Date "2013.12.4"]
[Round "1"]
[White "BBOM"]
[Black "ECAoCRUEL"]
[Result "0-1"]
[WhiteElo "1593"]
[BlackElo "1922"]

1. d4 g6 2. e4 Bg7 3. e5 d6 4. exd6 cxd6 5. d5 Qa5+ 6. c3 Bf5 7. Qb3 Qc7 8. Na3
Nf6 9. Bg5 Nbd7 10. Nb5 Qc5 11. Be3 Qc8 12. Nxa7 O-O 13. Nxc8 Rfxc8 14. Bg5 Nc5
15. Qb5 Nce4 16. Qxb7 Rab8 0-1

[Event "AUTO-ADV-3021"]
[Site "http://www.queenalice.com/game.php?id=1237523"]
[Date "2013.12.4"]
[Round "1"]
[White "BBOM"]
[Black "avian"]
[Result "0-1"]
[WhiteElo "1524"]
[BlackElo "1924"]

1. e4 e6 2. e5 d5 3. exd6 Bxd6 4. a3 Nc6 5. Bb5 Nf6 6. d3 O-O 7. Bxc6 bxc6 8.
Bg5 Bb7 9. f3 Bc5 10. Ne2 h6 11. Bxf6 Qxf6 12. c3 Be3 13. d4 Qg6 14. g3 c5 15.
Nf4 Bxf4 16. gxf4 Qg2 17. Rf1 Qxh2 18. dxc5 Qxf4 19. Nd2 Rfd8 20. Qc2 Qg3+ 21.
Rf2 Qg1+ 22. Nf1 Rd5 23. Rg2 Re5+ 24. Re2 Rxe2+ 25. Qxe2 Qxc5 26. Rd1 Qh5 0-1

[Event "AUTO-ADV-3021"]
[Site "http://www.queenalice.com/game.php?id=1237524"]
[Date "2013.12.4"]
[Round "1"]
[White "avian"]
[Black "BBOM"]
[Result "1-0"]
[WhiteElo "1926"]
[BlackElo "1522"]

1. Nf3 f6 2. d4 d5 3. c4 Bg4 4. e3 e6 5. Nc3 Bb4 6. Be2 Bxf3 7. Bxf3 c6 8. O-O
Bxc3 9. bxc3 dxc4 10. Qa4 b5 11. Qb4 Ne7 12. a4 Na6 13. Qb1 bxa4 14. Rxa4 Rb8
15. Qc2 Rb6 16. Rxc4 O-O 17. Ba3 h6 18. Bxe7 Qxe7 19. Bxc6 Rfb8 20. Bf3 e5 21.
Rc6 Rxc6 22. Bxc6 exd4 23. cxd4 Nb4 24. Qc4+ Kh8 25. Bf3 a5 26. Ra1 Qa7 27. d5
1-0

[Event "AUTO-OPEN-3135"]
[Site "http://www.queenalice.com/game.php?id=1237702"]
[Date "2013.12.5"]
[Round "1"]
[White "Felipe162503"]
[Black "BBOM"]
[Result "1-0"]
[WhiteElo "2025"]
[BlackElo "1609"]

1. e4 e5 2. Nf3 Nf6 3. Nxe5 Nxe4 4. Qe2 d5 5. f3 f6 6. Nd3 Nc6 7. fxe4 Nd4 8.
Qd1 dxe4 9. Nf2 Bc5 10. Qh5+ g6 11. Qxc5 Bf5 12. g4 Nf3+ 13. Kd1 Be6 14. Bg2 b6
15. Qc6+ Bd7 16. Qxe4+ Ne5 17. Qxa8 Qxa8 18. Bxa8 O-O 19. Bd5+ Kg7 20. h3 c6 21.
Bg2 f5 22. Re1 fxg4 23. Nxg4 Nxg4 24. Re7+ Kg8 25. Rxd7 Nf2+ 26. Ke2 a5 27. Bxc6
g5 28. Bd5+ Kh8 29. Rf7 Rxf7 30. Bxf7 Ne4 31. Nc3 Ng3+ 32. Kf3 Nf5 33. Ne2 h6
34. d4 Kg7 35. Be6 Nh4+ 36. Kg4 Ng6 37. Be3 b5 38. Rf1 Kh8 39. Rf6 Nh4 40. Rxh6+
Kg7 41. Rxh4 gxh4 42. d5 Kf6 43. Bg5+ Ke5 44. Kxh4 b4 45. Kg4 a4 46. h4 b3 47.
axb3 axb3 48. c4 Kd6 49. h5 Kc5 50. h6 Kxc4 51. h7 Kd3 52. h8=Q Kxe2 53. Qc3 Kf2
54. Qd2+ Kf1 55. Kg3 Kg1 56. Qe1# 1-0

[Event "AUTO-OPEN-3135"]
[Site "http://www.queenalice.com/game.php?id=1237703"]
[Date "2013.12.5"]
[Round "1"]
[White "BBOM"]
[Black "Felipe162503"]
[Result "0-1"]
[WhiteElo "1619"]
[BlackElo "2025"]

1. d4 d5 2. Nc3 Nf6 3. Bg5 h6 4. Bxf6 exf6 5. Qd3 Be6 6. Qb5+ Nc6 7. Qxb7 Nxd4
8. O-O-O c5 9. e3 Rb8 10. Qxa7 Nc6 11. Qa4 Qb6 12. b3 d4 13. exd4 cxd4 14. Ne4
Bd7 15. Qc4 Be6 16. Qd3 Ra8 17. Kb2 Rxa2+ 18. Kb1 Qa5 0-1

[Event "AUTO-OPEN-3135"]
[Site "http://www.queenalice.com/game.php?id=1237730"]
[Date "2013.12.5"]
[Round "1"]
[White "BBOM"]
[Black "Admilton"]
[Result "0-1"]
[WhiteElo "1590"]
[BlackElo "1712"]

1. e4 Nc6 2. Bb5 e5 3. Bxc6 bxc6 4. Qh5 Nf6 5. Qxe5+ Be7 6. d3 d6 7. Qc3 c5 8.
Be3 h6 9. Nf3 O-O 10. Nbd2 Ng4 11. h3 Bf6 12. Qb3 Be6 13. c4 Rb8 14. Qa4 Bxb2
15. Rb1 Bd7 16. Qc2 Nxe3 17. fxe3 Bf6 18. Rxb8 Qxb8 19. O-O c6 20. d4 Qb6 21. d5
Qa6 22. dxc6 Bxc6 23. Rd1 Ba4 24. Nb3 Re8 25. Qd3 Rd8 26. g4 Bxb3 27. axb3 Rb8
28. Qxd6 Qxd6 0-1

[Event "AUTO-OPEN-3135"]
[Site "http://www.queenalice.com/game.php?id=1237731"]
[Date "2013.12.5"]
[Round "1"]
[White "Admilton"]
[Black "BBOM"]
[Result "0-1"]
[WhiteElo "1666"]
[BlackElo "1617"]

1. b3 e5 2. Bb2 Nc6 3. e4 Nf6 4. d3 d6 5. h3 d5 6. exd5 Qxd5 7. Nc3 Bb4 8. Ke2
Nd4+ 9. Kd2 e4 10. a3 exd3 11. Bxd3 Qg5+ 12. Ke1 Qxg2 13. axb4 Qxh1 14. Ne2 Nf3+
15. Kf1 Bxh3# 0-1

[Event "AUTO-OPEN-3135"]
[Site "http://www.queenalice.com/game.php?id=1237732"]
[Date "2013.12.5"]
[Round "1"]
[White "BBOM"]
[Black "shirya00007"]
[Result "0-1"]
[WhiteElo "1518"]
[BlackElo "1986"]

1. e4 d5 2. e5 Bf5 3. Na3 e6 4. Nb5 c6 5. Nc3 Nd7 6. d4 Bb4 7. a3 Bxc3+ 8. bxc3
Ne7 9. Rb1 Nb6 10. g4 Be4 11. Nf3 Ng6 12. Bd3 Bxd3 13. cxd3 h6 14. O-O Rb8 15.
h3 Nd7 16. Qa4 O-O 17. Qxa7 b5 18. a4 Qc8 19. axb5 Ra8 20. Qxa8 Qxa8 21. bxc6
Qxc6 22. Bd2 Rb8 0-1

[Event "AUTO-OPEN-3135"]
[Site "http://www.queenalice.com/game.php?id=1237733"]
[Date "2013.12.5"]
[Round "1"]
[White "shirya00007"]
[Black "BBOM"]
[Result "1-0"]
[WhiteElo "1984"]
[BlackElo "1520"]

1. e4 e5 2. Nf3 d6 3. Bc4 Bg4 4. Nc3 c6 5. b4 b5 6. Bb3 a5 7. bxa5 Qxa5 8. Bxf7+
Kxf7 9. Ng5+ Ke8 10. Qxg4 Na6 11. Qe6+ Be7 12. Nf7 Nc7 13. Nxd6+ Kd8 14. Nb7+
Ke8 15. Qxc6+ Kf7 16. Nxa5 Rc8 17. Nd5 Bd8 18. Qd7+ Kg6 19. Qxc8 Nxd5 20. Qxd8
Nf4 21. Nc6 h6 22. Nxe5+ Kh7 23. O-O 1-0

[Event "AUTO-INT-2770"]
[Site "http://www.queenalice.com/game.php?id=1237854"]
[Date "2013.12.5"]
[Round "1"]
[White "BBOM"]
[Black "GustavoFS"]
[Result "0-1"]
[WhiteElo "1622"]
[BlackElo "1688"]

1. d4 e6 2. e4 Nc6 3. Bb5 Nf6 4. Bg5 Be7 5. Bxf6 Bxf6 6. Bxc6 dxc6 7. e5 Be7 8.
Qg4 g6 9. a3 Qd5 10. Nc3 Qc4 11. O-O-O Bd7 12. Ne4 f5 13. Nd2 Qa2 14. Nb3 a5 15.
Qe2 a4 16. Nd2 Bg5 17. g3 Qa1# 0-1

[Event "AUTO-INT-2770"]
[Site "http://www.queenalice.com/game.php?id=1237855"]
[Date "2013.12.5"]
[Round "1"]
[White "GustavoFS"]
[Black "BBOM"]
[Result "1-0"]
[WhiteElo "1705"]
[BlackElo "1570"]

1. e4 d5 2. Nc3 d4 3. Nce2 Bg4 4. d3 e5 5. f3 Be6 6. Nh3 Bxh3 7. gxh3 Nc6 8. Bd2
a5 9. Ng3 Nf6 10. h4 g6 11. Qe2 Nb4 12. Qd1 c5 13. a3 Nc6 14. Bh3 h5 15. Bg5 Be7
16. c3 dxc3 17. bxc3 Nh7 18. Qd2 f6 19. Be3 b6 20. Be6 Qd6 21. Bd5 O-O-O 22. f4
f5 23. fxe5 Nxe5 24. Bf4 Nf3+ 25. Ke2 Nxd2 26. Bxd6 fxe4 27. Be6+ Kb7 28. Bxe7
1-0

[Event "AUTO-INT-2770"]
[Site "http://www.queenalice.com/game.php?id=1237856"]
[Date "2013.12.5"]
[Round "1"]
[White "BBOM"]
[Black "NickThorp"]
[Result "0-1"]
[WhiteElo "1579"]
[BlackElo "1752"]

1. e4 e5 2. Nf3 Nc6 3. Bb5 a6 4. Bxc6 bxc6 5. Nxe5 d6 6. Nxc6 Qg5 7. g3 Bd7 8.
d4 Qb5 9. d5 Bxc6 10. dxc6 Qxc6 11. f3 h6 12. Nc3 Nf6 13. O-O Qc5+ 14. Kg2 Rb8
15. Na4 Qb5 16. b3 Be7 17. Be3 c5 18. Nc3 Qc6 19. a4 O-O 20. Nd5 Nxd5 21. exd5
Qb7 22. f4 Qb4 0-1

[Event "AUTO-INT-2770"]
[Site "http://www.queenalice.com/game.php?id=1237857"]
[Date "2013.12.5"]
[Round "1"]
[White "NickThorp"]
[Black "BBOM"]
[Result "1-0"]
[WhiteElo "1695"]
[BlackElo "1609"]

1. e4 e5 2. Nf3 d6 3. Bc4 Bg4 4. h3 Bxf3 5. Qxf3 Nf6 6. O-O Nc6 7. Bb5 a6 8.
Bxc6+ bxc6 9. Nc3 d5 10. exd5 cxd5 11. d3 h6 12. a3 c6 13. b4 Bd6 14. Be3 d4 15.
Bxd4 exd4 16. Qxc6+ Ke7 17. Rfe1+ Kf8 18. Re2 dxc3 19. Rae1 g5 20. Qxc3 Nd5 21.
Qxh8# 1-0

[Event "AUTO-INT-2770"]
[Site "http://www.queenalice.com/game.php?id=1237858"]
[Date "2013.12.5"]
[Round "1"]
[White "BBOM"]
[Black "Legionnaire"]
[Result "0-1"]
[WhiteElo "1503"]
[BlackElo "1518"]

1. e4 e5 2. Nf3 Nc6 3. Bb5 a6 4. Bxc6 dxc6 5. Nxe5 Qd4 6. Nd3 Qxe4+ 7. Qe2 Qxe2+
8. Kxe2 Be6 9. Re1 O-O-O 10. b3 Be7 0-1

[Event "AUTO-INT-2736"]
[Site "http://www.queenalice.com/game.php?id=1241321"]
[Date "2013.12.19"]
[Round "2"]
[White "SMB51"]
[Black "BBOM"]
[Result "1-0"]
[WhiteElo "1907"]
[BlackElo "1559"]

1. e4 e5 2. Nf3 d6 3. Nc3 Bg4 4. Bc4 Nf6 5. d3 h6 6. h3 Bxf3 7. Qxf3 Nc6 8. Be3
Be7 9. O-O O-O 10. Qg3 a6 11. Bxh6 1-0

[Event "AUTO-INT-2736"]
[Site "http://www.queenalice.com/game.php?id=1241322"]
[Date "2013.12.19"]
[Round "2"]
[White "BBOM"]
[Black "SMB51"]
[Result "0-1"]
[WhiteElo "1553"]
[BlackElo "1909"]

1. e4 e5 2. Nf3 Nc6 3. Bb5 Nd4 4. Bc4 d6 5. h3 Nf6 6. Nxd4 exd4 7. Qf3 Be7 8. d3
h6 9. c3 dxc3 10. bxc3 Qd7 0-1